Central Library, Doon University
WEBOPAC (ONLINE PUBLIC ACCESS CATALOGUE)

Introduction to quantitative genetics (Record no. 59504)

MARC details
000 -LEADER
fixed length control field 00527nam a22002057a 4500
005 - DATE & TIME
control field 20250320152255.0
008 - FIXED-LENGTH DATA ELEMENTS--GENERAL INFORMATION
fixed length control field 250320b |||||||| |||| 00| 0 eng d
020 ## - ISBN
International Standard Book Number 9788131727409
Price 1190.00
040 ## - CATALOGING SOURCE
Original cataloging agency Doon University
041 ## - Language
Language English
082 ## - DDC NUMBER
Classification number 575.1
Book Number FAL
100 ## - MAIN ENTRY--PERSONAL NAME
Personal name Falconer, Douglas S.
245 ## - TITLE STATEMENT
Title Introduction to quantitative genetics
250 ## - EDITION STATEMENT
Edition statement 4th
260 ## - PUBLICATION, DISTRIBUTION, ETC. (IMPRINT)
Place of publication, distribution, etc Noida
Name of publisher, distributor, etc Pearson
Date of publication, distribution, etc 2009
300 ## - PHYSICAL DESCRIPTION
Pages 464
650 ## - Subject
Subject Biological Science
700 ## - Added Entry Personal Name
Added Entry Personal Name Mackay, Trudy F.C.
942 ## - ADDED ENTRY ELEMENTS (KOHA)
Koha item type Books
100 ## - MAIN ENTRY--PERSONAL NAME
-- 25401
650 ## - Subject
-- 14046
700 ## - Added Entry Personal Name
-- 25402
952 ## - LOCATION AND ITEM INFORMATION (KOHA)
-- 2025-03-20
Holdings
Withdrawn status Lost status Source of classification or shelving scheme Damaged status Not for loan Location (home branch) Sublocation or collection (holding branch) Date acquired Koha issues (times borrowed) Koha full call number Accession No. Koha date last seen Koha item type
          Doon University Doon University 20.03.2025   575.1 FAL 50424 20.03.2025 Books
Contact : +91-135-2533126 (Library),+91-135-2533105 (Admin Office) , Email : doonlibrary@gmail.com

Powered by Koha